000 00420cam a22001097a 4500
008 180718b1963 xxu||||| |||| 00| 0 eng d
082 _aK63x42 Un3vr
245 _aReport of the tribunal appointment to inquiry into the vassall case and related matters
_cby Tribunals of Inquiry, United Kingdom
260 _aLondon
_bHer Majesty's Stationery Office
_c1963
300 _a87+p.
700 _aUnited Kingdom. Tribunals of Inquiry
999 _c500122
_d500122